000 00454nam a22001937a 4500
003 MPLRDC
005 20220104143811.0
008 210129b ||||| |||| 00| 0 eng d
020 _a957-557-961-5
082 _a418.913 YTX
100 _a伊藤修
245 _a酵素健康法
_c杨皓 译
250 _a二版
260 _a
_b大展
_c1999
300 _b
490 _a家庭医学保健. 58
650 _a酵素
942 _cBK
_o418.913 YTX
999 _c43469
_d43459